Oldenburgische Familienkunde
| Corporate Authors: | ; |
|---|---|
| Format: | Print Journal |
| Language: | German |
| Subito Delivery Service: | Order now. |
| Check availability: | HBZ Gateway |
| WorldCat: | WorldCat |
| Interlibrary Loan: | Für eine Fernleihe wählen Sie bitte zuerst einen Band oder Aufsatz aus. |
| Published: |
Kirchhatten
Oldenburgische Gesellschaft für Familienkunde
1959-
Oldenburg Oldenburger Landesverein für Geschichte, Natur- und Heimatkunde -2002 Kirchhatten Oldenburgische Gesellschaft für Familienkunde -2006 |
| In: | Year: 1959 |
| Standardized Subjects / Keyword chains: | B
Oldenburg (Oldenburg)
/ Family
/ History
|
| Further subjects: | B
Journal
|
MARC
| LEADER | 00000cas a2200000 c 4500 | ||
|---|---|---|---|
| 001 | 130171832 | ||
| 003 | DE-627 | ||
| 005 | 20251222201344.0 | ||
| 007 | tu | ||
| 008 | 931116c19599999gw q| p| 0 |0ger c | ||
| 015 | |a 08,B20,0939 |2 dnb | ||
| 016 | 7 | |a 012774782 |2 DE-101 | |
| 016 | 7 | |a 521272-8 |2 DE-600 | |
| 022 | |a 0030-2074 | ||
| 024 | 7 | |a 99500195 |2 swets | |
| 035 | |a (DE-627)130171832 | ||
| 035 | |a (DE-576)015716368 | ||
| 035 | |a (DE-599)ZDB521272-8 | ||
| 035 | |a (OCoLC)183371511 | ||
| 040 | |a DE-627 |b ger |c DE-627 |e rakwb | ||
| 041 | |a ger | ||
| 044 | |c XA-DE | ||
| 082 | 0 | |a 929.20943 |q DE-101 |2 22/ger | |
| 082 | 0 | |a 929.3435914 |q DE-101 |2 22/ger | |
| 082 | 0 | 4 | |a 920 |a 943 |q DE-101 |
| 082 | 0 | 4 | |a 730 |a 920 |q DE-600 |
| 084 | |a NDS 9039 |2 sfb | ||
| 084 | |a 8,1 |2 ssgn | ||
| 084 | |a 15.12 |2 bkl | ||
| 222 | 0 | |a Oldenburgische Familienkunde | |
| 245 | 0 | 0 | |a Oldenburgische Familienkunde |c Oldenburgische Gesellschaft für Familienkunde e.V. |
| 247 | 1 | 0 | |a Die Vorträge der OGF |f Nebent. teils |
| 247 | 1 | 0 | |a Jahresbericht |f Nebent. teils |
| 247 | 1 | 0 | |a Jahrbuch |f Nebent. ab 51.2009 |
| 264 | 3 | 1 | |a Kirchhatten |b Oldenburgische Gesellschaft für Familienkunde |c 1959- |
| 264 | 1 | |a Oldenburg |b Oldenburger Landesverein für Geschichte, Natur- und Heimatkunde |c -2002 | |
| 264 | 2 | 1 | |a Kirchhatten |b Oldenburgische Gesellschaft für Familienkunde |c -2006 |
| 300 | |c 21 cm | ||
| 336 | |a Text |b txt |2 rdacontent | ||
| 337 | |a ohne Hilfsmittel zu benutzen |b n |2 rdamedia | ||
| 338 | |a Band |b nc |2 rdacarrier | ||
| 362 | 0 | |a 1.1959 - 5.1963 = Bd. 1; 6.1964 - 10.1968 = Bd. 2; 11.1969 - 15.1973 = Bd. 3; 16.1974 - 20.1978 = Bd. 4; 21.1979 - 25.1983 = Bd. 5; 26.1984 - 30.1988 = Bd. 6; 31.1989 - 35.1993 = Bd. 7; 36.1994 - 40.1998 = Bd. 8; 41.1999 - | |
| 363 | 0 | 1 | |i 1959 |
| 500 | |a Einzelne Bände zugleich Bände von: Quellen und Forschungen zur Oldenburgischen Familienkunde | ||
| 500 | |a 2. beteil. Körp. bis 2002: Oldenburger Landesverein für Geschichte, Natur- und Heimatkunde | ||
| 515 | |a Ersch. 4x jährl., ab 51.2009 jährl.; Bd.-Zählung nur auf d. alle 5 Jahre ersch. Bd.-Titelbl. | ||
| 555 | |a Index 1/5.1959/63 in: 5.1963; Namenverz. 6/10.1964/68 in: 10.1968,4; 11/15.1969/73 in: 15.1973,4; 16/20.1974/78 in: 20.1974,4; 21/25.1979/83 in: 25.1983,4; 26/30.1984/88 in: 30.1988,4; 31/35.1989/93 in: 35.1993,4; 36/40.1994/98 in: 40.1998,4; 41/45.1999/2003 in: 45.2003,4; 46/50.2004/08 in: 50.2008,4 | ||
| 591 | |a Kopie 101b!se-Änderung(17-04-08)101b!zs-Änderung, ab Jahrgang 51 (2009) keine Stückt. mehr(15-04-16) | ||
| 655 | 7 | |a Zeitschrift |0 (DE-588)4067488-5 |0 (DE-627)10454466X |0 (DE-576)20917000X |2 gnd-content | |
| 689 | 0 | 0 | |d g |0 (DE-588)4043457-6 |0 (DE-627)106209655 |0 (DE-576)209055979 |2 gnd |a Oldenburg (Oldenburg) |
| 689 | 0 | 1 | |d s |0 (DE-588)4016397-0 |0 (DE-627)104427175 |0 (DE-576)208915818 |2 gnd |a Familie |
| 689 | 0 | 2 | |q z |2 gnd |a Geschichte |
| 689 | 0 | |5 DE-101 | |
| 710 | 2 | |e Herausgebendes Organ |0 (DE-588)2036433-7 |0 (DE-627)102577919 |0 (DE-576)191872849 |4 isb |a Oldenburgische Gesellschaft für Familienkunde | |
| 710 | 2 | |e Herausgebendes Organ |0 (DE-588)1006370-5 |0 (DE-627)103078916 |0 (DE-576)191166731 |4 isb |a Oldenburger Landesverein für Geschichte, Natur- und Heimatkunde | |
| 889 | |w (DE-627)1876679190 | ||
| 935 | |a JALB |a mteo | ||
| 935 | |i sdedup20220301 | ||
| 936 | b | k | |a 15.12 |j Genealogie |j Heraldik |0 (DE-627)10640458X |
| 951 | |a JT | ||
| ACO | |a 1 | ||
| ELC | |b 1 | ||
| LOK | |0 000 xxxxxcx a22 zn 4500 | ||
| LOK | |0 001 4579102282 | ||
| LOK | |0 003 DE-627 | ||
| LOK | |0 004 130171832 | ||
| LOK | |0 005 20240912111729 | ||
| LOK | |0 008 240912||||||||||||||||ger||||||| | ||
| LOK | |0 040 |a DE-Tue135 |c DE-627 |d DE-Tue135 | ||
| LOK | |0 092 |o n | ||
| LOK | |0 852 |a DE-Tue135 | ||
| LOK | |0 852 1 |9 00 | ||
| LOK | |0 935 |a JALB | ||
| LOK | |0 939 |a 12-09-24 |b l01 | ||
| ORI | |a SA-MARC-ixtheoa001.raw | ||
| REF | |a Familie | ||
| REL | |a 1 | ||
| SPR | |a 1 |t IXT | ||
| STA | 0 | 0 | |a Family,Family,Families in literature,History,History,History in art |
| STB | 0 | 0 | |a Famille,Famille,Histoire,Histoire,Histoire |
| STC | 0 | 0 | |a Familia,Familia,Familias,Historia,Historia,Historia |
| STD | 0 | 0 | |a Famiglia,Famiglia,Storia,Storia |
| STE | 0 | 0 | |a 历史,史,家,家,家庭,家庭 |
| STF | 0 | 0 | |a 家,家,家庭,家庭,歷史,史 |
| STG | 0 | 0 | |a Família,Família,História,História |
| STH | 0 | 0 | |a История (мотив),История,Семья (мотив),Семья |
| STI | 0 | 0 | |a Ιστορία (μοτίβο),Ιστορία,Οικογένεια (μοτίβο),Οικογένεια |
| SUB | |a REL | ||
| SYG | 0 | 0 | |a Oldenburg,Oldenburg (Oldb),Ollenborg,Ollnborg,Orudenburuku-Shi,Orudenburuku,Haupt- und Residenzstadt Oldenburg,Stadt Oldenburg,Oldenburg i.O.,Oldenburg,Oldenburg in Oldenburg,Oldenburg i. Gr. , Familien,Family,Relatives,Verwandte,Verwandtschaft,Familien , History,Geschichtliche Epoche,Historical development,Historische Entwicklung,Landesgeschichte,Regionalgeschichte,Ortsgeschichte,Zeitgeschichte |



